000 01161nam a2200301 4500
001 113379
003 DR-UNIBE
005 20251119062551.0
008 250326b2017 dr ||||| |||| 00| 1 spa d
020 _a9789993422891
040 _aBIBLIOTECA UNIBE
_bspa
_cBIBLIOTECA UNIBE
_erda
041 _aspa
090 _aFBIU-ND CI G594y
100 _aGoede, Johanna
_eautor
_9193475
245 _aYa sé quién es Dios /
_cJohanna Goede; ilustrador: René León; diagramación: Rafael Brugal
250 _aPrimera edición
260 _aSanto Domingo :
_bNuevo Diario,
_c2007
300 _bilustraciones en sepia
_c18 x 14 cm
500 _aInformación sobre el autor e ilustrador en las solapas, comentario de la obra en la contraportada
653 7 _aCuentos infantiles dominicanos
653 7 _aImaginación - Cuentos infantiles dominicanos
653 7 _aLiteratura infantil dominicana
700 _aRamos Tejada, Emelda,
_d1948-
_953451
_epresentación
700 _aRosario Candelier, Bruno,
_d1941-
_924037
_ecomentarista
700 _aLeón Morales, René
_eilustrador
_9193478
700 _aBrugal, Rafael
_ediagramador
_9193479
942 _2ddc
_cBK
999 _c113379
_d113379